| 000 | 00452cam a22001934a 4500 | ||
|---|---|---|---|
| 005 | 20250605164253.0 | ||
| 008 | 250528s ||||||||||||||||||||||||d | ||
| 035 | _a21831 | ||
| 020 | _a9780205443628 | ||
| 040 |
_aGR-AtMCL _bgre _dGR-AtMCL _eAACR2 |
||
| 245 | 1 | _aDRUGS AND HUMAN BEHAVIOR | |
| 250 | _a5 | ||
| 260 |
_bAddison-Wesley, _c2006 |
||
| 300 | _a444 | ||
| 700 | 1 |
_aGrilly David M _977 |
|
| 942 | _cBK | ||
| 999 |
_c6889 _d6889 |
||